Statistiques concernant Chaque forme de pays d'Asie

Cliquez ici pour prendre le quiz!

Statistiques générales

  • Ce quiz a été pris 12 837 fois
  • Le résultat moyen est 24 sur 48

Statistiques - réponses

Réponse% Correct
Inde
99%
Chine
96%
Japon
95%
Turquie
85%
Viêt Nam
84%
Indonésie
75%
Chypre
71%
Pakistan
68%
Thaïlande
68%
Sri Lanka
67%
Philippines
65%
Birmanie
62%
Népal
62%
Israël
61%
Laos
58%
Mongolie
58%
Maldives
57%
Irak
56%
Taïwan
56%
Iran
55%
Afghanistan
53%
Kazakhstan
51%
Malaisie
51%
Oman
51%
Arabie Saoudite
50%
Yémen
47%
Jordanie
46%
Bangladesh
43%
Syrie
42%
Géorgie
39%
Ouzbékistan
39%
Corée du Sud
37%
Émirats arabes unis
37%
Turkménistan
37%
Azerbaïdjan
34%
Corée du Nord
34%
Kirghizistan
33%
Timor oriental
33%
Koweït
32%
Liban
31%
Qatar
29%
Tadjikistan
29%
Singapour
27%
Bhoutan
26%
Cambodge
26%
Arménie
25%
Brunei
24%
Bahreïn
23%

Distribution des résultats

Percentile par nombre de réponses

% des personnes avec chaque résultat

Votre développement - résultats

Vous n’avez pas pris ce quiz